[Event "Frankfurt Ch 2014"]
[Site "Ffm-Höchst, BiKuZ"]
[Date "2014.05.05"]
[Round "2.27"]
[White "Nimsch, Helmut"]
[Black "Fischer, Lutz"]
[Result "1-0"]
[WhiteElo "2016"]
[BlackElo "1671"]
[PlyCount "79"]
[EventDate "2014.??.??"]
[WhiteTeam "SC Brett vorm Kopp Ffm"]
[BlackTeam "SF Frankfurt 1921"]

1. d4 d5 2. c4 Nc6 3. Nf3 Bg4 4. cxd5 Bxf3 5. gxf3 Qxd5 6. e3 e5 7. Nc3 Bb4 8.
Bd2 Bxc3 9. bxc3 Nf6 10. c4 Qd6 11. d5 Ne7 12. Rb1 b6 13. Qa4+ Nd7 14. Bb4 c5
15. dxc6 Qxc6 16. Qb5 Nc5 17. Bxc5 bxc5 18. Bd3 Qxb5 19. Rxb5 Rc8 20. Rb7 Nc6
21. Be4 O-O 22. Bxc6 Rxc6 23. Rxa7 Rb6 24. O-O Rbb8 25. Rd1 Rfd8 26. Rd5 f6 27.
Rxc5 Rdc8 28. Rb5 Ra8 29. Rxa8 Rxa8 30. Rb2 Ra4 31. Rc2 Kf7 32. c5 Ke7 33. c6
Kd8 34. c7+ Kc8 35. Kf1 h5 36. Kg2 Ra7 37. Kg3 g5 38. h3 Rxc7 39. Rxc7+ Kxc7
40. f4 1-0

[Event "Frankfurt Ch 2014"]
[Site "Ffm-Höchst, BiKuZ"]
[Date "2014.05.05"]
[Round "2.28"]
[White "Biegel, Thomas"]
[Black "Rauscher, Joachim"]
[Result "1-0"]
[WhiteElo "1975"]
[BlackElo "1697"]
[PlyCount "61"]
[EventDate "2014.??.??"]
[WhiteTeam "SC Steinbach"]
[BlackTeam "SC Brett vorm Kopp Ffm"]

1. Nf3 d5 2. c4 e6 3. g3 Nf6 4. Bg2 Be7 5. O-O O-O 6. b3 c6 7. d4 Nbd7 8. Nbd2
b6 9. Qc2 Ba6 10. Rd1 c5 11. dxc5 Bxc5 12. Bb2 Rc8 13. a4 Qe7 14. e3 Rfd8 15.
h3 Bb4 16. Bf1 Bb7 17. Bg2 Ba6 18. Nd4 Nb8 19. Nb5 Bxd2 20. Rxd2 Bxb5 21. axb5
Ne8 22. Be5 dxc4 23. bxc4 f6 24. Rxd8 Rxd8 25. Bb2 Qc7 26. Qe4 e5 27. Qg4 Nd6
28. Qe6+ Kh8 29. Rd1 Nxc4 30. Rxd8+ Qxd8 31. Qxc4 1-0

[Event "Frankfurt Ch 2014"]
[Site "Ffm-Höchst, BiKuZ"]
[Date "2014.05.05"]
[Round "2.29"]
[White "Reichel, Rolf"]
[Black "Gräbner, Walter"]
[Result "0-1"]
[WhiteElo "1535"]
[BlackElo "1952"]
[PlyCount "80"]
[EventDate "2014.??.??"]
[WhiteTeam "SF Frankfurt 1921"]
[BlackTeam "SC 1961 König Nied"]

1. e4 c5 2. b4 cxb4 3. a3 bxa3 4. Nxa3 d6 5. Bb2 Nf6 6. Nf3 Nc6 7. Bd3 e5 8.
O-O Bg4 9. h3 Bh5 10. c3 Be7 11. g4 Bg6 12. Qe2 O-O 13. Nc4 Qc7 14. Ne3 Qd7 15.
Nf5 Nd8 16. Bb5 Nc6 17. Nxe7+ Qxe7 18. d3 Rfc8 19. Ra4 a6 20. Rfa1 Rab8 21.
Bxc6 Rxc6 22. Nh4 Nd7 23. Nxg6 hxg6 24. d4 Nb6 25. Rb4 Qc7 26. d5 Rc5 27. h4
Nc4 28. Bc1 a5 29. Rbb1 b5 30. h5 b4 31. Kg2 bxc3 32. Rxb8+ Qxb8 33. hxg6 fxg6
34. Qd3 c2 35. Qh3 Qc8 36. Bg5 Nb2 37. Rh1 Rc3 38. Qh7+ Kf7 39. Rh6 Qxg4+ 40.
Kh2 Qxg5 0-1

[Event "Frankfurt Ch 2014"]
[Site "Ffm-Höchst, BiKuZ"]
[Date "2014.05.05"]
[Round "2.31"]
[White "Zimpfer, Andreas"]
[Black "Bastian, Holger"]
[Result "1-0"]
[WhiteElo "1831"]
[BlackElo "1680"]
[PlyCount "63"]
[EventDate "2014.??.??"]
[WhiteTeam "SC Butzbach 2000"]
[BlackTeam "Aschaffenburg- Schweinheim"]

1. d4 Nf6 2. c4 g6 3. Nc3 Bg7 4. e4 d6 5. f3 c6 6. Be3 a6 7. c5 b5 8. cxb6 Qxb6
9. Qd2 a5 10. Na4 Qc7 11. Rc1 Nbd7 12. Bb5 Bb7 13. Ne2 O-O 14. O-O Nb6 15. Rc2
Nxa4 16. Bxa4 Rfc8 17. Rfc1 Qb6 18. Nf4 g5 19. Ne2 h6 20. Bxc6 Bxc6 21. d5 Qb4
22. Rxc6 Rcb8 23. R1c2 Rb7 24. Nd4 g4 25. Nf5 Bf8 26. Nxh6+ Kh7 27. Nxf7 Kg6
28. Ng5 Bh6 29. Ne6 Bg7 30. Bd4 Nxe4 31. fxe4 Bxd4+ 32. Nxd4 1-0

[Event "Frankfurt Ch 2014"]
[Site "Ffm-Höchst, BiKuZ"]
[Date "2014.05.05"]
[Round "2.32"]
[White "Hartmann, Stephan"]
[Black "Reimer, Otto"]
[Result "0-1"]
[WhiteElo "1516"]
[BlackElo "1793"]
[PlyCount "68"]
[EventDate "2014.??.??"]
[WhiteTeam "SG Turm Idstein"]
[BlackTeam "SK Bad Homburg 1927"]

1. c4 Nf6 2. Nc3 g6 3. Nf3 Bg7 4. g3 O-O 5. Bg2 c5 6. O-O Nc6 7. e3 e5 8. h3 d6
9. d3 Ne7 10. e4 h6 11. Nd5 Nfxd5 12. cxd5 b5 13. Nh2 Bd7 14. Ng4 Kh7 15. Ne3
f5 16. f4 exf4 17. Rxf4 Be5 18. Rf3 Bd4 19. Kh2 Be5 20. Nc2 g5 21. d4 cxd4 22.
Nxd4 f4 23. gxf4 gxf4 24. Qd3 Ng6 25. Kh1 Nh4 26. Rf2 Nxg2 27. Rxg2 Qf6 28. Nf3
Rg8 29. Nxe5 Qxe5 30. Bd2 Rxg2 31. Kxg2 Rg8+ 32. Kf2 Rg3 33. Qc2 Qd4+ 34. Ke2
f3+ 0-1

[Event "Frankfurt Ch 2014"]
[Site "Ffm-Höchst, BiKuZ"]
[Date "2014.05.05"]
[Round "2.33"]
[White "Hochmuth, Christian"]
[Black "Cichon, Jörg"]
[Result "1/2-1/2"]
[WhiteElo "1770"]
[BlackElo "1649"]
[PlyCount "72"]
[EventDate "2014.??.??"]
[WhiteTeam "SG Wächtersbach/Sotzbach"]
[BlackTeam "Sfr.Mainz 1928"]

1. d4 Nf6 2. Nf3 g6 3. c4 Bg7 4. Nc3 d6 5. g3 O-O 6. Bg2 a6 7. O-O Nbd7 8. Qc2
c6 9. e4 e5 10. dxe5 dxe5 11. b3 Qc7 12. Ba3 c5 13. Bb2 b6 14. Rfe1 Bb7 15.
Rad1 Rfd8 16. Nd5 Nxd5 17. exd5 Qd6 18. Ng5 Nf8 19. Bh3 Re8 20. Re2 Bc8 21.
Bxc8 Raxc8 22. Rde1 f5 23. f3 h6 24. Nh3 Nd7 25. Nf2 Re7 26. Bc3 Rce8 27. Qb2
Kh7 28. a4 a5 29. Qc2 Rf8 30. Kg2 Rfe8 31. Qb2 Kg8 32. g4 Kh7 33. gxf5 gxf5 34.
Nh1 Qg6+ 35. Kf1 Qh5 36. Rf2 Qh3+ 1/2-1/2

[Event "Frankfurt Ch 2014"]
[Site "Ffm-Höchst, BiKuZ"]
[Date "2014.05.05"]
[Round "2.34"]
[White "Isserman, Ryhor"]
[Black "Marchese, Eric"]
[Result "1-0"]
[WhiteElo "2270"]
[BlackElo "1458"]
[PlyCount "51"]
[EventDate "2014.??.??"]
[WhiteTeam "SK Bad Homburg 1927"]
[BlackTeam "SC Matt im Park Ffm"]

1. e4 e5 2. Nf3 Nc6 3. Bb5 d6 4. d4 exd4 5. Nxd4 Bd7 6. Nc3 Nxd4 7. Qxd4 Bxb5
8. Nxb5 Qd7 9. c4 Nf6 10. O-O Be7 11. Rd1 a6 12. Nc3 O-O 13. e5 c5 14. Qd3 Ne8
15. Bf4 Qc6 16. Nd5 Bd8 17. exd6 Nxd6 18. b4 Ne8 19. bxc5 Qxc5 20. Bc1 Rc8 21.
Ba3 Qxc4 22. Qh3 Nd6 23. Bxd6 Re8 24. Ba3 Qc6 25. Rac1 Qxd5 26. Qxc8 1-0

[Event "Frankfurt Ch 2014"]
[Site "Ffm-Höchst, BiKuZ"]
[Date "2014.05.05"]
[Round "2.35"]
[White "Fröhlich-Dill, Astrid"]
[Black "Zerhusen, Martin"]
[Result "1-0"]
[WhiteElo "1789"]
[BlackElo "1587"]
[PlyCount "101"]
[EventDate "2014.??.??"]
[WhiteTeam "SV 1920 Hofheim"]
[BlackTeam "SV Oberursel"]

1. d4 d5 2. Nf3 Nf6 3. c4 c6 4. e3 e6 5. Nc3 Be7 6. Bd3 O-O 7. O-O b6 8. Ne5
Bb7 9. a3 c5 10. b3 cxd4 11. exd4 Nc6 12. Nxc6 Bxc6 13. Be3 dxc4 14. bxc4 Qc7
15. a4 Rfd8 16. h3 Rd7 17. Nb5 Qb7 18. f3 Rad8 19. Qc2 Rc8 20. Qf2 Bxb5 21.
axb5 g6 22. Rfd1 Qb8 23. g4 Ne8 24. Rac1 Rcd8 25. Be4 Bf6 26. Bc6 Re7 27. c5
bxc5 28. dxc5 Qc7 29. Rxd8 Qxd8 30. Bxe8 Qxe8 31. c6 Qb8 32. f4 Rc7 33. g5 Bd8
34. Qd2 Rc8 35. Qd7 Bb6 36. Re1 Bxe3+ 37. Rxe3 Rc7 38. Qd6 Qb6 39. Kf2 a6 40.
Qd8+ Kg7 41. bxa6 Qxc6 42. Qd4+ Kg8 43. Re2 Rd7 44. Qa1 Qc5+ 45. Kg2 Qd5+ 46.
Kf2 Qc5+ 47. Kf1 Rc7 48. Qf6 Ra7 49. Qd8+ Kg7 50. Qf6+ Kg8 51. Rd2 1-0

[Event "Frankfurt Ch 2014"]
[Site "Ffm-Höchst, BiKuZ"]
[Date "2014.05.05"]
[Round "2.36"]
[White "Falkenhainer, Sven"]
[Black "Stock, Jürgen"]
[Result "1-0"]
[WhiteElo "1597"]
[BlackElo "1780"]
[PlyCount "55"]
[EventDate "2014.??.??"]
[WhiteTeam "SV 1946 Groß-Gerau"]
[BlackTeam "SC Eschborn 1974"]

1. b4 e6 2. Bb2 Nf6 3. a3 b6 4. e3 Bb7 5. Nf3 d5 6. Be2 Nbd7 7. d4 c5 8. bxc5
bxc5 9. O-O Bd6 10. dxc5 Nxc5 11. Bb5+ Ncd7 12. Bxd7+ Qxd7 13. Bxf6 gxf6 14.
Qd4 e5 15. Qh4 Qf5 16. Qa4+ Ke7 17. Nh4 Qh5 18. g3 Rhg8 19. Ng2 d4 20. Nd2 Qe2
21. Rab1 Bxg2 22. Kxg2 Qxd2 23. Rb7+ Ke6 24. e4 f5 25. Qd7+ Kf6 26. Qxf7+ Kg5
27. Qxf5+ Kh6 28. Rxh7# 1-0

[Event "Frankfurt Ch 2014"]
[Site "Ffm-Höchst, BiKuZ"]
[Date "2014.05.05"]
[Round "2.37"]
[White "Gude, Michael"]
[Black "Worzelberger, Armin"]
[Result "0-1"]
[WhiteElo "1587"]
[BlackElo "1766"]
[PlyCount "50"]
[EventDate "2014.??.??"]
[WhiteTeam "SF Fürth 1951 e.V."]
[BlackTeam "SC Grunbach"]

1. e4 e5 2. Nf3 Nc6 3. Bc4 Be7 4. O-O Nf6 5. d3 d6 6. h3 Na5 7. Bb3 c5 8. Be3
Bd7 9. Nc3 Qc8 10. Ba4 Nc6 11. Ne2 Rb8 12. c4 h6 13. a3 g5 14. b4 g4 15. hxg4
Nd4 16. Bxd7+ Qxd7 17. Bxd4 cxd4 18. Ng3 Nxg4 19. Nf5 h5 20. g3 Nh6 21. N3h4
Bxh4 22. Nxh4 Qh3 23. Qf3 Rg8 24. Qg2 Qg4 25. Qf3 Qxh4 0-1

[Event "Frankfurt Ch 2014"]
[Site "Ffm-Höchst, BiKuZ"]
[Date "2014.05.05"]
[Round "2.38"]
[White "Larem, Peter"]
[Black "Günther, Rainer"]
[Result "0-1"]
[WhiteElo "1763"]
[BlackElo "1572"]
[PlyCount "116"]
[EventDate "2014.??.??"]
[WhiteTeam "SSG Rödermark/Eppertshausen"]
[BlackTeam "SV Mainz-Mombach"]

1. e4 c5 2. c3 d5 3. exd5 Qxd5 4. d4 Nf6 5. Nf3 g6 6. Be3 cxd4 7. cxd4 Bg4 8.
Be2 Bg7 9. Nc3 Qd8 10. O-O O-O 11. Qb3 b6 12. Rad1 Nc6 13. h3 Na5 14. Qc2 Bf5
15. Qd2 Ne4 16. Nxe4 Bxe4 17. Ng5 Bd5 18. b4 Nc4 19. Bxc4 Bxc4 20. Rfe1 Qd5 21.
a3 Rfd8 22. Nf3 Rac8 23. Bh6 e6 24. Qe3 Ba6 25. Qf4 Qf5 26. Qxf5 gxf5 27. Bxg7
Kxg7 28. d5 Rc7 29. dxe6 Rxd1 30. Rxd1 fxe6 31. Ng5 Kf6 32. f4 h6 33. Nf3 Be2
34. Ra1 Bxf3 35. gxf3 Rc4 36. Kf2 Rxf4 37. Rc1 Rh4 38. Kg3 Rd4 39. Rc7 a5 40.
b5 Ra4 41. Rc6 Rxa3 42. Rxb6 Rb3 43. Rb8 Ke5 44. b6 Kd6 45. b7 Kc7 46. Re8 Kxb7
47. Rxe6 Rb6 48. Re5 a4 49. Rxf5 a3 50. Ra5 Ra6 51. Rb5+ Kc6 52. Rb1 a2 53. Ra1
Kc5 54. f4 Kb4 55. f5 Kb3 56. Kf4 Kb2 57. Ke5 Kxa1 58. f6 Kb1 0-1

[Event "Frankfurt Ch 2014"]
[Site "Ffm-Höchst, BiKuZ"]
[Date "2014.05.05"]
[Round "2.40"]
[White "Knott, Tilo"]
[Black "Schellen, Sven"]
[Result "0-1"]
[WhiteElo "1571"]
[BlackElo "1749"]
[PlyCount "62"]
[EventDate "2014.??.??"]
[WhiteTeam "SC Brett vorm Kopp Ffm"]
[BlackTeam "SF Frankfurt 1921"]

1. d4 Nf6 2. Nc3 g6 3. e4 d6 4. Nf3 Bg7 5. Bd3 O-O 6. O-O c6 7. Bg5 Bg4 8. h3
Bxf3 9. Qxf3 Nfd7 10. Qe3 c5 11. dxc5 Nxc5 12. Nd5 Nc6 13. Rab1 Ne6 14. Bh6
Bxh6 15. Qxh6 Nc5 16. f4 Nxd3 17. cxd3 e6 18. Nc3 Qb6+ 19. Kh1 Nb4 20. f5 exf5
21. exf5 f6 22. fxg6 Qc7 23. Ne4 Qg7 24. gxh7+ Kh8 25. Rxf6 Rxf6 26. Qxf6 Qxf6
27. Nxf6 Nxd3 28. g4 Rc8 29. g5 Rc2 30. h4 Ne5 31. h5 Nf3 0-1

[Event "Frankfurt Ch 2014"]
[Site "Ffm-Höchst, BiKuZ"]
[Date "2014.05.05"]
[Round "2.41"]
[White "Djakow, Alexander"]
[Black "Mehl, Ulrich"]
[Result "1-0"]
[WhiteElo "1747"]
[BlackElo "1570"]
[PlyCount "60"]
[EventDate "2014.??.??"]
[WhiteTeam "vereinslos"]
[BlackTeam "SAbt TSG Nieder-Erlenbach 1888"]

1. d4 d5 2. c4 e6 3. Nc3 Nf6 4. Bg5 Be7 5. e3 O-O 6. Nf3 b6 7. Bd3 dxc4 8. Bxc4
Bb7 9. O-O Nd5 10. Bxd5 Bxd5 11. Bf4 c6 12. Qe2 Bxf3 13. Qxf3 Qd7 14. Rac1 Na6
15. a3 Rac8 16. Rfd1 Nc7 17. e4 Rfd8 18. Qg3 Bd6 19. e5 Bf8 20. Ne4 Nd5 21. Bg5
Re8 22. Bh6 Rc7 23. Bxg7 f5 24. Bf6+ Bg7 25. Nd6 Rf8 26. Bxg7 Qxg7 27. Qxg7+
Kxg7 28. Rc2 c5 29. Rdc1 Nf4 30. g3 Nd5 1-0

[Event "Frankfurt Ch 2014"]
[Site "Ffm-Höchst, BiKuZ"]
[Date "2014.05.05"]
[Round "2.42"]
[White "Bock, Mario"]
[Black "Lemonidis, Christos"]
[Result "0-1"]
[WhiteElo "1575"]
[BlackElo "1741"]
[PlyCount "78"]
[EventDate "2014.??.??"]
[WhiteTeam "SF Frankfurt 1921"]
[BlackTeam "SC 1961 König Nied"]

1. e4 d6 2. d4 g6 3. Nc3 Bg7 4. Be3 Nd7 5. Qd2 a6 6. f4 Ngf6 7. h3 b5 8. Bd3
Nb6 9. e5 Nfd7 10. Nf3 Bb7 11. Qe2 Rb8 12. Ne4 Nc4 13. Bc1 c5 14. Bxc4 bxc4 15.
c3 cxd4 16. cxd4 d5 17. Ng3 e6 18. O-O Bc6 19. Qc2 Qb6 20. Ne2 O-O 21. Rb1 Rfc8
22. Nc3 Bf8 23. Qf2 Be7 24. h4 Kh8 25. Kh2 Bb4 26. Bd2 Rb7 27. g4 Rcb8 28. Kg2
Qd8 29. Ng5 Nf8 30. Rh1 Kg8 31. h5 Be7 32. Qh4 Bxg5 33. fxg5 Rxb2 34. Rbd1 Rc2
35. Kf3 Rbb2 36. Ke3 Qe7 37. h6 Qa3 38. Rhf1 Rxd2 39. Rxd2 Qxc3+ 0-1

[Event "Frankfurt Ch 2014"]
[Site "Ffm-Höchst, BiKuZ"]
[Date "2014.05.05"]
[Round "2.43"]
[White "Plattner, Rolf"]
[Black "Bergner, Matthias"]
[Result "0-1"]
[WhiteElo "1740"]
[BlackElo "1557"]
[PlyCount "68"]
[EventDate "2014.??.??"]
[WhiteTeam "SK Langen"]
[BlackTeam "SV 1926 Neu-Isenburg"]

1. e4 e6 2. d4 d5 3. Nc3 dxe4 4. Nxe4 Be7 5. Nf3 Nf6 6. Nxf6+ Bxf6 7. Bd3 Nc6
8. c3 Bd7 9. Qe2 Ne7 10. Bf4 Bc6 11. O-O O-O 12. Rad1 b6 13. Bb1 Ng6 14. Bg3
Bxf3 15. Qxf3 Bh4 16. Rfe1 Bxg3 17. Qxg3 Qd6 18. Qh3 Qf4 19. Re4 Qh6 20. Qg3 c6
21. Rde1 Qd2 22. b3 Rad8 23. R4e3 c5 24. dxc5 bxc5 25. h4 Qd6 26. Qh3 Ne7 27.
h5 Qf4 28. Bd3 Nd5 29. Rf3 Qd2 30. Re2 Qc1+ 31. Kh2 Nf4 32. Qg4 Nxd3 33. h6
Qxh6+ 34. Rh3 Qf4+ 0-1

[Event "Frankfurt Ch 2014"]
[Site "Ffm-Höchst, BiKuZ"]
[Date "2014.05.05"]
[Round "2.44"]
[White "Riha, Peter"]
[Black "Koch, Thomas"]
[Result "1/2-1/2"]
[WhiteElo "1565"]
[BlackElo "1734"]
[PlyCount "96"]
[EventDate "2014.??.??"]
[WhiteTeam "SC Bergen-Enkheim 1922"]
[BlackTeam "SV 1934 Ffm-Griesheim"]

1. d4 f5 2. g4 d5 3. Nc3 e6 4. a3 Nc6 5. Bf4 g5 6. Bd2 Bg7 7. e3 Qf6 8. gxf5
Qxf5 9. Qh5+ Ke7 10. Bd3 Nf6 11. Qe2 Ne4 12. f3 Nxc3 13. Bxc3 Qf7 14. O-O-O Bd7
15. Nh3 h6 16. Qg2 Rag8 17. Rhf1 Bf6 18. Ng1 Kd8 19. Qf2 Qg7 20. Ne2 Kc8 21. e4
Rf8 22. e5 Bd8 23. Qg3 Ne7 24. Qg1 Nf5 25. Ng3 Nh4 26. Be2 Be8 27. Rf2 Bg6 28.
Rdf1 Qh7 29. Bd1 Nf5 30. Nxf5 Bxf5 31. Qh1 Rhg8 32. h3 Be7 33. Bd2 Kb8 34. f4
a6 35. fxg5 Bxg5 36. Bxg5 Rxg5 37. c3 Rfg8 38. Bc2 Bxc2 39. Rxc2 Qd3 40. Rcf2
Ka7 41. Qf3 Qc4 42. Qe3 Rg1 43. Qe1 Qa2 44. Kc2 R1g3 45. Rf3 Rg2+ 46. R1f2 R2g5
47. Rf6 Rg1 48. Rf1 R1g2+ 1/2-1/2

[Event "Frankfurt Ch 2014"]
[Site "Ffm-Höchst, BiKuZ"]
[Date "2014.05.05"]
[Round "2.45"]
[White "Diehl, Stefan"]
[Black "Kißler, Johann"]
[Result "1-0"]
[WhiteElo "1702"]
[BlackElo "1531"]
[PlyCount "77"]
[EventDate "2014.??.??"]
[WhiteTeam "SC 1910 Höchst"]
[BlackTeam "Sfr. Hochheim"]

1. f4 d5 2. Nf3 Nf6 3. e3 e6 4. b3 g6 5. Bb2 Bg7 6. c4 c6 7. Be2 Nbd7 8. O-O
O-O 9. Ne5 Nxe5 10. fxe5 Nd7 11. d4 f6 12. Ba3 Rf7 13. exf6 Rxf6 14. Nd2 Rxf1+
15. Nxf1 e5 16. cxd5 cxd5 17. dxe5 Nxe5 18. Bb2 Be6 19. Qd2 Qe7 20. Rd1 Rd8 21.
Ng3 Nc6 22. Bxg7 Qxg7 23. Bf3 Qe5 24. Ne2 Bf7 25. Nc3 Ne7 26. Nb5 Nf5 27. e4 d4
28. Qg5 Qe7 29. Qxe7 Nxe7 30. Rxd4 Rxd4 31. Nxd4 Nc6 32. Nxc6 bxc6 33. Kf2 Kg7
34. Ke3 Kf6 35. Kd4 Ke6 36. Bg4+ Kd6 37. e5+ Kc7 38. Kc5 Bd5 39. Bf3 1-0

[Event "Frankfurt Ch 2014"]
[Site "Ffm-Höchst, BiKuZ"]
[Date "2014.05.05"]
[Round "2.46"]
[White "Heun, Andreas"]
[Black "Weiland, Thomas"]
[Result "1/2-1/2"]
[WhiteElo "1541"]
[BlackElo "1695"]
[PlyCount "33"]
[EventDate "2014.??.??"]
[WhiteTeam "SC Ladja Roßdorf"]
[BlackTeam "SV Oberursel"]

1. e4 d5 2. exd5 Nf6 3. d4 Nxd5 4. c4 Nb6 5. Nf3 Bg4 6. Be3 e6 7. a3 a5 8. Be2
N8d7 9. Nbd2 c5 10. O-O Be7 11. h3 Bh5 12. Ne5 Bxe2 13. Qxe2 O-O 14. Nxd7 Nxd7
15. Nf3 cxd4 16. Nxd4 Qc7 17. Rfe1 1/2-1/2

[Event "Frankfurt Ch 2014"]
[Site "Ffm-Höchst, BiKuZ"]
[Date "2014.05.05"]
[Round "2.47"]
[White "Mühlbach, Christian"]
[Black "Popp, Matthias"]
[Result "1-0"]
[WhiteElo "1683"]
[BlackElo "1530"]
[PlyCount "83"]
[EventDate "2014.??.??"]
[WhiteTeam "SK Langen"]
[BlackTeam "SC Bergen-Enkheim 1922"]

1. Nf3 Nf6 2. c4 d6 3. g3 e5 4. Bg2 Be6 5. O-O h6 6. Nxe5 dxe5 7. Bxb7 Nbd7 8.
Bxa8 Qxa8 9. f3 Bc5+ 10. e3 Bxc4 11. d3 Be6 12. Nc3 O-O 13. Bd2 Nd5 14. Qe2
N7f6 15. Rac1 Bb6 16. Na4 Rc8 17. Nc5 Bh3 18. Rfd1 Ne7 19. e4 Nc6 20. Be3 Nd4
21. Bxd4 exd4 22. b4 Nd7 23. Qb2 Rd8 24. Nb3 Ne5 25. Kf2 Be6 26. Nc5 Bc8 27.
Qd2 Qc6 28. Qf4 Ng6 29. Qd2 Qf6 30. Kg2 Ne5 31. Qe2 Qg6 32. a4 Qh5 33. a5 Bh3+
34. Kh1 Bxc5 35. Rxc5 c6 36. Rdc1 Qg6 37. Rxe5 Qd6 38. Rec5 Be6 39. Qd2 Rb8 40.
Qf4 Qxf4 41. gxf4 Bd7 42. R1c4 1-0

[Event "Frankfurt Ch 2014"]
[Site "Ffm-Höchst, BiKuZ"]
[Date "2014.05.05"]
[Round "2.48"]
[White "Leibold, Mathias"]
[Black "Kletzerman, Simon"]
[Result "1-0"]
[WhiteElo "1682"]
[BlackElo "1512"]
[PlyCount "91"]
[EventDate "2014.??.??"]
[WhiteTeam "SV 1926 Fechenheim"]
[BlackTeam "SAbt TuS Makkabi Ffm"]

1. e4 e5 2. Bc4 Nf6 3. Nc3 Bb4 4. d3 Bxc3+ 5. bxc3 O-O 6. Bg5 h6 7. Bh4 c6 8.
Nf3 d5 9. exd5 cxd5 10. Bxf6 Qxf6 11. Bxd5 Nc6 12. O-O Bg4 13. Rb1 Rab8 14. Qd2
Qd6 15. Bxc6 bxc6 16. Qe3 Rxb1 17. Rxb1 Rb8 18. Rb3 Rxb3 19. axb3 Qa3 20. Ne1
f6 21. h3 Be6 22. d4 Qd6 23. dxe5 Qxe5 24. Qxe5 fxe5 25. Kf1 Kf7 26. Ke2 Ke7
27. Nd3 Kd6 28. Ke3 g5 29. f3 a5 30. Ke4 c5 31. Nxe5 h5 32. Nd3 c4 33. Nc1 Bg8
34. Kd4 h4 35. bxc4 a4 36. c5+ Kc6 37. c4 Bh7 38. Na2 Kc7 39. Nb4 Bg6 40. Nd5+
Kb7 41. Kc3 Be8 42. Kb4 Bg6 43. Kxa4 Bxc2+ 44. Kb5 Bd3 45. c6+ Kc8 46. Kb6 1-0

[Event "Frankfurt Ch 2014"]
[Site "Ffm-Höchst, BiKuZ"]
[Date "2014.05.05"]
[Round "2.49"]
[White "Liebske, Reiner"]
[Black "van Bömmel, Philipp"]
[Result "1-0"]
[WhiteElo "1680"]
[BlackElo "1511"]
[PlyCount "63"]
[EventDate "2014.??.??"]
[WhiteTeam "SV Frankfurt Nord 1926"]
[BlackTeam "SC 1979 Hattersheim"]

1. e4 d6 2. d4 c6 3. Nf3 Bg4 4. Be2 Nd7 5. h3 Bh5 6. O-O e5 7. dxe5 dxe5 8. Be3
Ngf6 9. Nbd2 Qc7 10. c3 Rd8 11. Qc2 Bc5 12. Bxc5 Nxc5 13. b4 Ne6 14. Nc4 Bxf3
15. Bxf3 Ng5 16. Qe2 O-O 17. Rfd1 Qe7 18. a4 Qe6 19. Nd2 g6 20. a5 Rd7 21. Qe3
Nxf3+ 22. Nxf3 Rfd8 23. Rxd7 Rxd7 24. Qxa7 Nxe4 25. Qb8+ Kg7 26. Re1 f5 27.
Qxe5+ Qxe5 28. Nxe5 Rd2 29. Nc4 Rd3 30. f3 Rxc3 31. Nb6 Nd6 32. Rd1 1-0

[Event "Frankfurt Ch 2014"]
[Site "Ffm-Höchst, BiKuZ"]
[Date "2014.05.05"]
[Round "2.50"]
[White "Tiraspolski, Arkadij"]
[Black "Schindehütte, Frank"]
[Result "1/2-1/2"]
[WhiteElo "1664"]
[BlackElo "1507"]
[PlyCount "63"]
[EventDate "2014.??.??"]
[WhiteTeam "vereinslos"]
[BlackTeam "SAbt VfL Goldstein"]

1. e4 d5 2. exd5 Nf6 3. c4 Bf5 4. Nc3 c6 5. Nf3 cxd5 6. cxd5 Nxd5 7. Bb5+ Nc6
8. d4 e6 9. O-O Be7 10. Ne5 Rc8 11. Be3 O-O 12. Nxc6 bxc6 13. Bd3 Bxd3 14. Qxd3
Qb6 15. Rab1 Rfd8 16. Qe2 Bf6 17. Rfd1 a5 18. Ne4 Be7 19. a3 Qb5 20. Qf3 Rb8
21. Bd2 a4 22. h3 Qb3 23. Bc3 Rb5 24. Rbc1 Nxc3 25. Nxc3 Rb6 26. Rd3 Qc4 27.
Ne2 Qd5 28. Rb1 Qxf3 29. Rxf3 Bf6 30. b4 Bxd4 31. Nxd4 Rxd4 32. Rc3 1/2-1/2

[Event "Frankfurt Ch 2014"]
[Site "Ffm-Höchst, BiKuZ"]
[Date "2014.05.05"]
[Round "2.51"]
[White "Kirschner, Matthias"]
[Black "Imelmann, Esther"]
[Result "1/2-1/2"]
[WhiteElo "1511"]
[BlackElo "1662"]
[PlyCount "43"]
[EventDate "2014.??.??"]
[WhiteTeam "SV 1997 Nauheim"]
[BlackTeam "Vorw.Orient Mainz"]

1. c4 e6 2. Nc3 d5 3. d3 c5 4. Nf3 Nc6 5. g3 Nf6 6. Nd2 Be7 7. Bg2 O-O 8. O-O
a5 9. a3 Nd4 10. Nf3 Nxf3+ 11. Bxf3 d4 12. Ne4 Nxe4 13. Bxe4 Ra6 14. Rb1 Qc7
15. Bd2 Bd7 16. b4 cxb4 17. axb4 axb4 18. Bxb4 Bxb4 19. Rxb4 Bc6 20. Bg2 Ra2
21. Bxc6 bxc6 22. Ra4 1/2-1/2

[Event "Frankfurt Ch 2014"]
[Site "Ffm-Höchst, BiKuZ"]
[Date "2014.05.05"]
[Round "2.52"]
[White "Raquet, Helmut"]
[Black "Stulken, Dietmar"]
[Result "1-0"]
[WhiteElo "1662"]
[BlackElo "1391"]
[PlyCount "123"]
[EventDate "2014.??.??"]
[WhiteTeam "SC 1961 König Nied"]
[BlackTeam "SF Frankfurt 1921"]

1. d4 d5 2. c4 c6 3. e3 Nf6 4. Nc3 e6 5. Nf3 Bd6 6. h3 Nbd7 7. Bd3 dxc4 8. Bxc4
b5 9. Bd3 Bb7 10. Bd2 a6 11. a3 c5 12. Be2 Ne4 13. Nxe4 Bxe4 14. dxc5 Nxc5 15.
Bc3 f6 16. O-O O-O 17. Bb4 Bd5 18. Bxc5 Bxc5 19. Rc1 Rc8 20. Nd4 Bxd4 21. Qxd4
Rxc1 22. Rxc1 Qa8 23. f3 Rc8 24. Rxc8+ Qxc8 25. e4 Ba2 26. Qd1 Qc7 27. Qd4 e5
28. Qd2 h6 29. Kh2 Be6 30. a4 Bc4 31. Qc2 Qf7 32. axb5 axb5 33. Bd1 Qb7 34. Qc3
Qd7 35. Bc2 Qd4 36. Qb4 Qf2 37. Bb3 Qd4 38. Qxb5 Bxb3 39. Qxb3+ Kh7 40. Qc3 Qf2
41. b4 h5 42. Qc5 Qe1 43. b5 h4 44. b6 Qg3+ 45. Kh1 Qe1+ 46. Qg1 Qb4 47. g3 g5
48. Kg2 Kh6 49. Qf2 Kg6 50. gxh4 gxh4 51. Kh2 Kh5 52. Kh1 Qb1+ 53. Qg1 Qb3 54.
Qg4+ Kh6 55. Qxh4+ Kg7 56. Qf2 Qb1+ 57. Kg2 Qb3 58. h4 Kh6 59. Kh3 Qe6+ 60. Kh2
Kh5 61. Qg1 Qa2+ 62. Kh3 1-0

[Event "Frankfurt Ch 2014"]
[Site "Ffm-Höchst, BiKuZ"]
[Date "2014.05.05"]
[Round "2.53"]
[White "Gelfenbaum, Daniel"]
[Black "Wagner, Günter"]
[Result "1/2-1/2"]
[WhiteElo "1510"]
[BlackElo "1634"]
[PlyCount "53"]
[EventDate "2014.??.??"]
[WhiteTeam "SAbt TuS Makkabi Ffm"]
[BlackTeam "SV 1946 Groß-Gerau"]

1. e4 d6 2. d4 Nf6 3. Nc3 g6 4. Nf3 Bg7 5. Bc4 O-O 6. h3 Nxe4 7. Nxe4 d5 8. Bd3
dxe4 9. Bxe4 c6 10. O-O Nd7 11. c4 Nf6 12. Bc2 Qc7 13. Bd2 Be6 14. Qe2 b5 15.
cxb5 cxb5 16. Rac1 Qb7 17. a3 a6 18. Rfe1 Rfe8 19. Bd3 Bd5 20. Ba5 Rac8 21.
Rxc8 Qxc8 22. Nd2 e6 23. Ne4 Nxe4 24. Bxe4 Qb7 25. Bc3 Rc8 26. f3 Rc4 27. Qe3
1/2-1/2

[Event "Frankfurt Ch 2014"]
[Site "Ffm-Höchst, BiKuZ"]
[Date "2014.05.05"]
[Round "2.54"]
[White "Balzereit, Georg"]
[Black "Manasek, Martin"]
[Result "1-0"]
[WhiteElo "1632"]
[BlackElo "1334"]
[PlyCount "51"]
[EventDate "2014.??.??"]
[WhiteTeam "vereinslos"]
[BlackTeam "Bad Vilbeler Sfr. 1985"]

1. e4 c5 2. Nf3 Nc6 3. d4 cxd4 4. c3 dxc3 5. Nxc3 e6 6. Bc4 g6 7. Bf4 Bg7 8.
Nb5 Qa5+ 9. Bd2 Qd8 10. Nd6+ Ke7 11. e5 Nh6 12. Bg5+ f6 13. exf6+ Bxf6 14. Bxh6
Bxb2 15. Bg5+ Bf6 16. Bxf6+ Kxf6 17. O-O Rf8 18. Qd2 Kg7 19. Rfe1 Rxf3 20. gxf3
Ne7 21. Qc3+ Kg8 22. Rad1 Nc6 23. Nxc8 Qg5+ 24. Kh1 d5 25. Rxd5 exd5 26. Re8+
1-0